书目信息 |
| 题名: |
自学辅导教学论
|
|
| 作者: | 卢仲衡 著 | |
| 分册: | ||
| 出版信息: | 沈阳 辽宁人民出版社 1998 |
|
| 页数: | 217页 | |
| 开本: | 20cm | |
| 丛书名: | 中国新时期中小学教学改革理论与实践丛书 | |
| 单 册: | ||
| 中图分类: | G633.6 , G424 | |
| 科图分类: | ||
| 主题词: | 数学--教学法--研究--中学 , 教学理论 | |
| 电子资源: | ||
| ISBN: | 7-205-04319-0 | |
| 000 | 00792cam2 2200265 450 | |
| 001 | 1536339554 | |
| 005 | 20150126100601.84 | |
| 010 | @a7-205-04319-0@dCNY13.00 | |
| 100 | @a20021005d1998 emky0chiy0110 ea | |
| 101 | 0 | @achi |
| 102 | @aCN@b210000 | |
| 105 | @ay z 000yy | |
| 200 | 1 | @a自学辅导教学论@9zi xue fu dao jiao xue lun@f卢仲衡著 |
| 210 | @a沈阳@c辽宁人民出版社@d1998 | |
| 215 | @a217页@d20cm | |
| 225 | 2 | @a中国新时期中小学教学改革理论与实践丛书@h第一辑 |
| 300 | @a献给改革开放20周年 新中国建立50周年 | |
| 461 | 0 | @12001 @a中国新时期中小学教学改革理论与实践丛书 |
| 606 | 0 | @a数学@x教学法@x研究@x中学 |
| 606 | 0 | @a教学理论 |
| 690 | @aG633.6@v5 | |
| 690 | @aG424@v4 | |
| 701 | 0 | @a卢仲衡@9lu zhong heng@4著 |
| 801 | 0 | @aCN@bTSSF@c20150126 |
| 905 | @aZUCC@dG424@eJY29 | |
| 自学辅导教学论/卢仲衡著.-沈阳:辽宁人民出版社,1998 |
| 217页;20cm.-(中国新时期中小学教学改革理论与实践丛书.第一辑) |
| 献给改革开放20周年 新中国建立50周年 |
| ISBN 7-205-04319-0:CNY13.00 |
| ● |
| 相关链接 |
|
|
|
|
正题名:自学辅导教学论
索取号:G424/JY29
 
预约/预借
| 序号 | 登录号 | 条形码 | 馆藏地/架位号 | 状态 | 备注 |
| 1 | 7859830 | 278598304 | 学院路分馆/ [索取号:G424/JY29] | 在馆 |